[Event "DVM U20 2020"]
[Site "Willingen GER"]
[Date "2021.06.25"]
[Round "4"]
[White "Küppers, Timo"]
[Black "Stelmaszyk, Nico"]
[Result "1-0"]
[Termination "normal"]
[Board "6.1"]
[WhiteTitle "FM"]
[BlackTitle "FM"]
[WhiteElo "2287"]
[BlackElo "2299"]
[WhiteClock "00:02:42"]
[BlackClock "00:10:05"]
[WhiteTeam "Schachfreunde Essen-Katernberg"]
[BlackTeam "SK Lehrte von 1919 e. V."]
[PlyCount "81"]
[WhiteFideId "16205820"]
[BlackFideId "16200462"]
[EventCountry "GER"]
[EventRounds "7"]
[EventType "team-swiss"]
[EventDate "2021.06.23"]

1. d4 {[%clk 01:30:42]} {[%emt 00:00:17]} d5 {[%clk 01:30:54]} {[%emt
00:00:05]} 2. c4 {[%clk 01:31:08]} {[%emt 00:00:05]} dxc4 {[%clk 01:31:20]}
{[%emt 00:00:04]} 3. e4 {[%clk 01:30:07]} {[%emt 00:01:31]} e5 {[%clk
01:31:22]} {[%emt 00:00:28]} 4. Nf3 {[%clk 01:29:55]} {[%emt 00:00:42]} exd4
{[%clk 01:31:46]} {[%emt 00:00:05]} 5. Bxc4 {[%clk 01:23:49]} {[%emt 00:06:36]}
Nc6 {[%clk 01:29:52]} {[%emt 00:02:24]} 6. O-O {[%clk 01:23:27]} {[%emt
00:00:53]} Be6 {[%clk 01:30:17]} {[%emt 00:00:05]} 7. Bxe6 {[%clk 01:22:11]}
{[%emt 00:01:45]} fxe6 {[%clk 01:30:32]} {[%emt 00:00:15]} 8. Qb3 {[%clk
01:19:37]} {[%emt 00:03:04]} Qd7 {[%clk 01:30:13]} {[%emt 00:00:49]} 9. Qxb7
{[%clk 01:18:06]} {[%emt 00:02:01]} Rb8 {[%clk 01:30:16]} {[%emt 00:00:27]} 10.
Qa6 {[%clk 01:18:26]} {[%emt 00:00:10]} Nge7 {[%clk 01:30:40]} {[%emt
00:00:05]} 11. Nbd2 {[%clk 01:15:50]} {[%emt 00:03:06]} Ng6 {[%clk 01:31:01]}
{[%emt 00:00:09]} 12. Nb3 {[%clk 01:13:29]} {[%emt 00:02:52]} Be7 {[%clk
01:28:48]} {[%emt 00:02:43]} 13. Bd2 {[%clk 01:03:24]} {[%emt 00:10:35]} O-O
{[%clk 01:26:38]} {[%emt 00:02:40]} 14. Rac1 {[%clk 01:02:48]} {[%emt
00:01:05]} Rb6 {[%clk 01:25:36]} {[%emt 00:01:32]} 15. Qc4 {[%clk 00:49:05]}
{[%emt 00:14:13]} Kh8 {[%clk 01:13:06]} {[%emt 00:13:01]} 16. Nfxd4 {[%clk
00:39:08]} {[%emt 00:10:27]} Nxd4 {[%clk 01:10:40]} {[%emt 00:02:56]} 17. Qxd4
{[%clk 00:33:07]} {[%emt 00:06:31]} Rd6 {[%clk 01:07:47]} {[%emt 00:03:23]} 18.
Qc3 {[%clk 00:32:57]} {[%emt 00:00:40]} Rd3 {[%clk 01:04:42]} {[%emt 00:03:34]}
19. Qc2 {[%clk 00:31:28]} {[%emt 00:01:59]} e5 {[%clk 01:02:27]} {[%emt
00:02:46]} 20. Be3 {[%clk 00:30:42]} {[%emt 00:01:16]} Nh4 {[%clk 00:58:12]}
{[%emt 00:04:44]} 21. h3 {[%clk 00:26:36]} {[%emt 00:04:36]} Rd6 {[%clk
00:51:38]} {[%emt 00:07:04]} 22. Rfd1 {[%clk 00:20:52]} {[%emt 00:06:14]} Qe6
{[%clk 00:37:43]} {[%emt 00:14:25]} 23. Qe2 {[%clk 00:19:36]} {[%emt 00:01:47]}
Ra6 {[%clk 00:28:23]} {[%emt 00:09:50]} 24. Rxc7 {[%clk 00:13:50]} {[%emt
00:06:15]} Rf6 {[%clk 00:23:52]} {[%emt 00:05:01]} 25. Qc4 {[%clk 00:04:01]}
{[%emt 00:10:19]} Qxc4 {[%clk 00:07:30]} {[%emt 00:16:52]} 26. Rxc4 {[%clk
00:04:26]} {[%emt 00:00:05]} Rxa2 {[%clk 00:07:11]} {[%emt 00:00:49]} 27. Bg5
{[%clk 00:04:19]} {[%emt 00:00:36]} Ng6 {[%clk 00:07:11]} {[%emt 00:00:31]} 28.
Bxf6 {[%clk 00:04:08]} {[%emt 00:00:42]} gxf6 {[%clk 00:07:39]} {[%emt
00:00:01]} 29. Rd2 {[%clk 00:03:55]} {[%emt 00:00:43]} Kg7 {[%clk 00:08:07]}
{[%emt 00:00:02]} 30. g3 {[%clk 00:04:15]} {[%emt 00:00:10]} Kf7 {[%clk
00:08:31]} {[%emt 00:00:06]} 31. h4 {[%clk 00:04:37]} {[%emt 00:00:08]} a5
{[%clk 00:08:41]} {[%emt 00:00:20]} 32. Kg2 {[%clk 00:02:31]} {[%emt 00:02:36]}
a4 {[%clk 00:08:44]} {[%emt 00:00:27]} 33. Nc1 {[%clk 00:02:58]} {[%emt
00:00:03]} Ra1 {[%clk 00:09:11]} {[%emt 00:00:03]} 34. Rd7 {[%clk 00:03:02]}
{[%emt 00:00:26]} a3 {[%clk 00:08:15]} {[%emt 00:01:26]} 35. bxa3 {[%clk
00:03:28]} {[%emt 00:00:05]} Rxa3 {[%clk 00:08:39]} {[%emt 00:00:05]} 36. Rcc7
{[%clk 00:03:25]} {[%emt 00:00:33]} h5 {[%clk 00:09:00]} {[%emt 00:00:09]} 37.
Ra7 {[%clk 00:02:36]} {[%emt 00:01:19]} Rc3 {[%clk 00:09:20]} {[%emt 00:00:10]}
38. Rdc7 {[%clk 00:02:55]} {[%emt 00:00:11]} Rxc7 {[%clk 00:09:39]} {[%emt
00:00:11]} 39. Rxc7 {[%clk 00:03:21]} {[%emt 00:00:04]} Ke6 {[%clk 00:10:05]}
{[%emt 00:00:04]} 40. Nd3 {[%clk 00:03:27]} {[%emt 00:00:24]} f5 {[%clk
00:10:05]} {[%emt 00:00:30]} 41. Rc6+ {[%clk 00:02:42]} {[%emt 00:01:15]} 1-0

[Event "DVM U20 2020"]
[Site "Willingen GER"]
[Date "2021.06.25"]
[Round "4"]
[White "Meiwes, Thore"]
[Black "Irkilmez, Yakub"]
[Result "1/2-1/2"]
[Termination "normal"]
[Board "6.2"]
[WhiteElo "2054"]
[BlackElo "2167"]
[WhiteClock "00:13:27"]
[BlackClock "00:02:05"]
[WhiteTeam "SK Lehrte von 1919 e. V."]
[BlackTeam "Schachfreunde Essen-Katernberg"]
[PlyCount "63"]
[WhiteFideId "16201256"]
[BlackFideId "16204581"]
[EventCountry "GER"]
[EventRounds "7"]
[EventType "team-swiss"]
[EventDate "2021.06.23"]

1. d4 {[%clk 01:30:56]} {[%emt 00:00:03]} Nf6 {[%clk 01:30:56]} {[%emt
00:00:06]} 2. Bf4 {[%clk 01:31:15]} {[%emt 00:00:10]} c5 {[%clk 01:29:17]}
{[%emt 00:02:09]} 3. e3 {[%clk 01:31:30]} {[%emt 00:00:16]} cxd4 {[%clk
01:29:10]} {[%emt 00:00:38]} 4. exd4 {[%clk 01:31:48]} {[%emt 00:00:10]} Qb6
{[%clk 01:29:34]} {[%emt 00:00:07]} 5. Nc3 {[%clk 01:31:59]} {[%emt 00:00:18]}
a6 {[%clk 01:29:55]} {[%emt 00:00:09]} 6. a3 {[%clk 01:32:11]} {[%emt
00:00:19]} d6 {[%clk 01:26:42]} {[%emt 00:03:43]} 7. Nf3 {[%clk 01:30:41]}
{[%emt 00:01:59]} g6 {[%clk 01:26:37]} {[%emt 00:00:35]} 8. Be2 {[%clk
01:30:19]} {[%emt 00:00:52]} Bg7 {[%clk 01:26:58]} {[%emt 00:00:10]} 9. O-O
{[%clk 01:30:28]} {[%emt 00:00:21]} O-O {[%clk 01:27:00]} {[%emt 00:00:28]} 10.
h3 {[%clk 01:28:10]} Nbd7 {[%clk 01:22:29]} {[%emt 00:07:49]} 11. Be3 {[%clk
01:25:49]} Qc7 {[%clk 01:21:50]} {[%emt 00:04:00]} 12. Qd2 {[%clk 01:22:05]} b6
{[%clk 01:19:37]} {[%emt 00:06:56]} 13. Bh6 {[%clk 01:21:43]} Bb7 {[%clk
01:19:05]} {[%emt 00:01:54]} 14. Bxg7 {[%clk 01:20:38]} Kxg7 {[%clk 01:19:17]}
{[%emt 00:01:53]} 15. Rfe1 {[%clk 01:17:59]} Rad8 {[%clk 01:03:15]} {[%emt
00:19:42]} 16. Rad1 {[%clk 01:17:05]} Rfe8 {[%clk 00:57:22]} {[%emt 00:07:47]}
17. d5 {[%clk 01:13:21]} b5 {[%clk 00:54:28]} {[%emt 00:07:38]} 18. Nh2 {[%clk
00:58:37]} Nb6 {[%clk 00:49:41]} {[%emt 00:20:30]} 19. Bf3 {[%clk 00:57:39]}
Nc4 {[%clk 00:48:25]} {[%emt 00:03:14]} 20. Qc1 {[%clk 00:56:38]} Ne5 {[%clk
00:37:27]} {[%emt 00:13:00]} 21. Rd4 {[%clk 00:53:04]} Nxf3+ {[%clk 00:23:33]}
{[%emt 00:18:28]} 22. Nxf3 {[%clk 00:53:30]} e6 {[%clk 00:23:17]} {[%emt
00:00:49]} 23. Rh4 {[%clk 00:45:07]} h5 {[%clk 00:17:07]} {[%emt 00:15:33]} 24.
Nd4 {[%clk 00:40:03]} Nxd5 {[%clk 00:08:32]} {[%emt 00:14:40]} 25. Rxh5 {[%clk
00:28:15]} Rh8 {[%clk 00:05:54]} {[%emt 00:15:26]} 26. Rxh8 {[%clk 00:27:21]}
Rxh8 {[%clk 00:06:16]} {[%emt 00:01:31]} 27. Nd1 {[%clk 00:20:35]} e5 {[%clk
00:06:18]} {[%emt 00:07:45]} 28. Ne2 {[%clk 00:15:55]} Nf6 {[%clk 00:04:57]}
{[%emt 00:07:00]} 29. Ne3 {[%clk 00:15:46]} Qc6 {[%clk 00:03:27]} {[%emt
00:02:40]} 30. c4 {[%clk 00:14:45]} bxc4 {[%clk 00:02:17]} {[%emt 00:03:10]}
31. Qxc4 {[%clk 00:15:05]} d5 {[%clk 00:02:05]} {[%emt 00:00:52]} 32. Qxc6
{[%clk 00:13:27]} 1/2-1/2

[Event "DVM U20 2020"]
[Site "Willingen GER"]
[Date "2021.06.25"]
[Round "4"]
[White "Gorainow, Nikita"]
[Black "Reimer, Philip"]
[Result "1-0"]
[Termination "normal"]
[Board "6.3"]
[WhiteElo "1971"]
[BlackElo "1993"]
[WhiteClock "00:10:05"]
[BlackClock "00:24:29"]
[WhiteTeam "Schachfreunde Essen-Katernberg"]
[BlackTeam "SK Lehrte von 1919 e. V."]
[PlyCount "113"]
[WhiteFideId "12970093"]
[BlackFideId "16235860"]
[EventCountry "GER"]
[EventRounds "7"]
[EventType "team-swiss"]
[EventDate "2021.06.23"]

1. e4 {[%clk 01:30:46]} {[%emt 01:10:52]} c5 {[%clk 01:30:58]} 2. Nf3 {[%clk
01:31:11]} {[%emt 00:00:06]} Nc6 {[%clk 01:31:24]} 3. d4 {[%clk 01:31:38]}
{[%emt 00:00:08]} cxd4 {[%clk 01:31:50]} 4. Nxd4 {[%clk 01:32:04]} {[%emt
00:00:09]} Nf6 {[%clk 01:32:13]} 5. Nc3 {[%clk 01:32:29]} {[%emt 00:00:11]} e5
{[%clk 01:32:39]} {[%emt 00:00:04]} 6. Ndb5 {[%clk 01:32:54]} {[%emt 00:00:05]}
d6 {[%clk 01:33:05]} {[%emt 00:00:04]} 7. Bg5 {[%clk 01:33:16]} {[%emt
00:00:08]} a6 {[%clk 01:33:30]} {[%emt 00:00:04]} 8. Na3 {[%clk 01:33:43]}
{[%emt 00:00:04]} b5 {[%clk 01:33:56]} {[%emt 00:00:04]} 9. Nd5 {[%clk
01:34:09]} {[%emt 00:00:04]} Be7 {[%clk 01:34:21]} {[%emt 00:00:05]} 10. Bxf6
{[%clk 01:34:35]} {[%emt 00:00:05]} Bxf6 {[%clk 01:34:46]} {[%emt 00:00:04]}
11. c4 {[%clk 01:34:52]} {[%emt 00:00:13]} b4 {[%clk 01:35:04]} {[%emt
00:00:12]} 12. Nc2 {[%clk 01:35:18]} {[%emt 00:00:05]} O-O {[%clk 01:35:17]}
{[%emt 00:00:16]} 13. g3 {[%clk 01:35:45]} {[%emt 00:00:03]} Bg5 {[%clk
01:34:52]} {[%emt 00:00:55]} 14. Bg2 {[%clk 01:36:05]} {[%emt 00:00:10]} a5
{[%clk 01:35:06]} {[%emt 00:00:16]} 15. O-O {[%clk 01:36:27]} {[%emt 00:00:08]}
Be6 {[%clk 01:34:56]} {[%emt 00:00:38]} 16. b3 {[%clk 01:36:19]} {[%emt
00:00:40]} g6 {[%clk 01:32:25]} {[%emt 00:03:01]} 17. f4 {[%clk 01:31:23]}
{[%emt 00:05:26]} exf4 {[%clk 01:26:31]} {[%emt 00:06:24]} 18. gxf4 {[%clk
01:31:45]} {[%emt 00:00:09]} Bh6 {[%clk 01:23:56]} {[%emt 00:03:04]} 19. Qd3
{[%clk 01:24:32]} {[%emt 00:07:42]} f5 {[%clk 00:57:51]} {[%emt 00:26:35]} 20.
Rad1 {[%clk 01:21:02]} {[%emt 00:04:00]} fxe4 {[%clk 00:50:04]} {[%emt
00:08:17]} 21. Bxe4 {[%clk 01:19:51]} {[%emt 00:01:42]} Bg4 {[%clk 00:38:27]}
{[%emt 00:12:07]} 22. Rd2 {[%clk 01:14:46]} {[%emt 00:05:35]} Rc8 {[%clk
00:34:07]} {[%emt 00:04:49]} 23. Nde3 {[%clk 00:34:01]} {[%emt 00:41:16]} Bxf4
{[%clk 00:30:30]} {[%emt 00:04:08]} 24. Bxc6 {[%clk 00:28:40]} {[%emt
00:05:50]} Bh3 {[%clk 00:27:23]} {[%emt 00:03:37]} 25. Bg2 {[%clk 00:25:00]}
{[%emt 00:04:10]} Bxg2 {[%clk 00:25:31]} {[%emt 00:02:22]} 26. Rxg2 {[%clk
00:25:12]} {[%emt 00:00:18]} Rc5 {[%clk 00:25:37]} {[%emt 00:00:24]} 27. Nd5
{[%clk 00:25:07]} {[%emt 00:00:35]} Be5 {[%clk 00:25:32]} {[%emt 00:00:35]} 28.
Rxf8+ {[%clk 00:23:38]} {[%emt 00:02:00]} Qxf8 {[%clk 00:25:29]} {[%emt
00:00:32]} 29. Qh3 {[%clk 00:21:25]} {[%emt 00:02:42]} Qf7 {[%clk 00:23:36]}
{[%emt 00:02:20]} 30. Rf2 {[%clk 00:21:29]} {[%emt 00:00:29]} Qe8 {[%clk
00:23:27]} {[%emt 00:00:38]} 31. Qf3 {[%clk 00:21:07]} {[%emt 00:00:54]} Kg7
{[%clk 00:22:13]} {[%emt 00:01:44]} 32. Nce3 {[%clk 00:17:51]} {[%emt
00:03:46]} Rc8 {[%clk 00:22:11]} {[%emt 00:00:32]} 33. Qg4 {[%clk 00:17:05]}
{[%emt 00:01:15]} Rb8 {[%clk 00:20:46]} {[%emt 00:01:54]} 34. Kg2 {[%clk
00:13:22]} {[%emt 00:04:15]} Rb7 {[%clk 00:19:36]} {[%emt 00:01:39]} 35. Nf5+
{[%clk 00:12:56]} {[%emt 00:00:57]} Kh8 {[%clk 00:19:46]} {[%emt 00:00:19]} 36.
Nd4 {[%clk 00:12:54]} {[%emt 00:00:33]} Rf7 {[%clk 00:18:44]} {[%emt 00:01:32]}
37. Rxf7 {[%clk 00:12:34]} {[%emt 00:00:50]} Qxf7 {[%clk 00:19:11]} {[%emt
00:00:02]} 38. Qc8+ {[%clk 00:11:54]} {[%emt 00:01:10]} Kg7 {[%clk 00:19:33]}
{[%emt 00:00:09]} 39. Ne6+ {[%clk 00:12:02]} {[%emt 00:00:22]} Kh6 {[%clk
00:19:57]} {[%emt 00:00:06]} 40. Qf8+ {[%clk 00:12:27]} {[%emt 00:00:04]} Qxf8
{[%clk 00:20:14]} {[%emt 00:00:13]} 41. Nxf8 {[%clk 00:12:53]} {[%emt
00:00:05]} Kg5 {[%clk 00:20:20]} {[%emt 00:00:24]} 42. Nxh7+ {[%clk 00:12:14]}
{[%emt 00:01:09]} Kf5 {[%clk 00:20:40]} {[%emt 00:00:10]} 43. Nf8 {[%clk
00:12:39]} {[%emt 00:00:04]} Ke4 {[%clk 00:20:39]} {[%emt 00:00:32]} 44. Nxg6
{[%clk 00:12:46]} {[%emt 00:00:23]} Bxh2 {[%clk 00:20:46]} {[%emt 00:00:22]}
45. Kxh2 {[%clk 00:13:01]} {[%emt 00:00:16]} Kd3 {[%clk 00:21:10]} {[%emt
00:00:06]} 46. Nge7 {[%clk 00:05:56]} {[%emt 00:07:35]} Kc2 {[%clk 00:21:01]}
{[%emt 00:00:38]} 47. Nc8 {[%clk 00:06:20]} {[%emt 00:00:06]} Kb2 {[%clk
00:21:25]} {[%emt 00:00:07]} 48. Nxd6 {[%clk 00:06:43]} {[%emt 00:00:07]} Kxa2
{[%clk 00:21:52]} {[%emt 00:00:03]} 49. c5 {[%clk 00:07:03]} {[%emt 00:00:10]}
Kxb3 {[%clk 00:21:59]} {[%emt 00:00:22]} 50. c6 {[%clk 00:07:28]} {[%emt
00:00:06]} a4 {[%clk 00:22:25]} {[%emt 00:00:03]} 51. c7 {[%clk 00:07:55]}
{[%emt 00:00:03]} a3 {[%clk 00:22:52]} {[%emt 00:00:03]} 52. c8=Q {[%clk
00:08:22]} {[%emt 00:00:03]} a2 {[%clk 00:23:11]} {[%emt 00:00:11]} 53. Qc4+
{[%clk 00:08:45]} {[%emt 00:00:06]} Kb2 {[%clk 00:23:26]} {[%emt 00:00:16]} 54.
Qxb4+ {[%clk 00:09:01]} {[%emt 00:00:14]} Ka1 {[%clk 00:23:47]} {[%emt
00:00:09]} 55. Qa3 {[%clk 00:09:12]} {[%emt 00:00:19]} Kb1 {[%clk 00:24:09]}
{[%emt 00:00:09]} 56. Nc3+ {[%clk 00:09:38]} {[%emt 00:00:04]} Kc2 {[%clk
00:24:29]} {[%emt 00:00:08]} 57. Nxa2 {[%clk 00:10:05]} {[%emt 00:00:04]} 1-0

[Event "DVM U20 2020"]
[Site "Willingen GER"]
[Date "2021.06.25"]
[Round "4"]
[White "Dornieden, Jonas"]
[Black "Struck, Lasse"]
[Result "1-0"]
[Termination "normal"]
[Board "6.4"]
[WhiteElo "2079"]
[BlackElo "1751"]
[WhiteClock "00:34:32"]
[BlackClock "00:29:26"]
[WhiteTeam "SK Lehrte von 1919 e. V."]
[BlackTeam "Schachfreunde Essen-Katernberg"]
[PlyCount "83"]
[WhiteFideId "1336460"]
[BlackFideId "16255623"]
[EventCountry "GER"]
[EventRounds "7"]
[EventType "team-swiss"]
[EventDate "2021.06.23"]

1. d4 {[%clk 01:30:57]} {[%emt 00:00:03]} Nf6 {[%clk 01:30:55]} {[%emt
00:00:05]} 2. c4 {[%clk 01:31:22]} {[%emt 00:00:05]} e6 {[%clk 01:31:20]}
{[%emt 00:00:05]} 3. Nf3 {[%clk 01:31:46]} {[%emt 00:00:07]} d5 {[%clk
01:31:46]} {[%emt 00:00:04]} 4. Nc3 {[%clk 01:32:09]} {[%emt 00:00:07]} dxc4
{[%clk 01:32:09]} {[%emt 00:00:06]} 5. e3 {[%clk 01:27:52]} {[%emt 00:04:47]}
a6 {[%clk 01:32:33]} {[%emt 00:00:07]} 6. a4 {[%clk 01:27:35]} {[%emt
00:00:46]} c5 {[%clk 01:32:29]} {[%emt 00:00:35]} 7. Bxc4 {[%clk 01:26:20]}
{[%emt 00:01:45]} Nc6 {[%clk 01:32:26]} {[%emt 00:00:34]} 8. O-O {[%clk
01:25:48]} {[%emt 00:01:01]} Be7 {[%clk 01:31:17]} {[%emt 00:01:38]} 9. d5
{[%clk 01:18:28]} {[%emt 00:07:50]} exd5 {[%clk 01:29:51]} {[%emt 00:01:57]}
10. Nxd5 {[%clk 01:18:44]} {[%emt 00:00:14]} O-O {[%clk 01:29:20]} {[%emt
00:01:00]} 11. Re1 {[%clk 01:15:51]} {[%emt 00:03:23]} Bf5 {[%clk 01:22:55]}
{[%emt 00:06:54]} 12. Nxe7+ {[%clk 01:09:17]} {[%emt 00:07:06]} Qxe7 {[%clk
01:22:53]} {[%emt 00:00:32]} 13. Qe2 {[%clk 01:06:46]} {[%emt 00:03:01]} Nb4
{[%clk 01:18:52]} {[%emt 00:04:31]} 14. Rd1 {[%clk 01:02:24]} {[%emt 00:04:51]}
Rfd8 {[%clk 01:10:31]} {[%emt 00:08:52]} 15. Bd2 {[%clk 00:58:40]} {[%emt
00:04:13]} Bd3 {[%clk 01:03:06]} {[%emt 00:07:55]} 16. Bxd3 {[%clk 00:58:25]}
{[%emt 00:00:45]} Nxd3 {[%clk 01:03:33]} {[%emt 00:00:04]} 17. Ba5 {[%clk
00:54:52]} {[%emt 00:04:02]} Nf4 {[%clk 00:56:34]} {[%emt 00:07:29]} 18. Rxd8+
{[%clk 00:52:49]} {[%emt 00:02:33]} Qxd8 {[%clk 00:56:52]} {[%emt 00:00:13]}
19. exf4 {[%clk 00:32:07]} {[%emt 00:21:12]} Qxa5 {[%clk 00:57:10]} {[%emt
00:00:12]} 20. Qc4 {[%clk 00:31:44]} {[%emt 00:00:51]} Qb4 {[%clk 00:42:34]}
{[%emt 00:15:08]} 21. b3 {[%clk 00:17:21]} {[%emt 00:14:53]} Rd8 {[%clk
00:28:21]} {[%emt 00:14:42]} 22. Kf1 {[%clk 00:16:19]} {[%emt 00:01:32]} Nd5
{[%clk 00:25:56]} {[%emt 00:02:55]} 23. g3 {[%clk 00:13:17]} {[%emt 00:03:32]}
Kf8 {[%clk 00:14:11]} {[%emt 00:12:16]} 24. Rc1 {[%clk 00:09:41]} {[%emt
00:04:06]} Qxc4+ {[%clk 00:09:01]} {[%emt 00:05:40]} 25. Rxc4 {[%clk 00:09:52]}
{[%emt 00:00:19]} Rc8 {[%clk 00:08:58]} {[%emt 00:00:33]} 26. Ne5 {[%clk
00:09:30]} {[%emt 00:00:51]} Ke7 {[%clk 00:08:09]} {[%emt 00:01:20]} 27. Nd3
{[%clk 00:09:12]} {[%emt 00:00:48]} Kd6 {[%clk 00:06:38]} {[%emt 00:02:00]} 28.
b4 {[%clk 00:08:02]} {[%emt 00:01:40]} b5 {[%clk 00:03:12]} {[%emt 00:03:56]}
29. bxc5+ {[%clk 00:07:19]} {[%emt 00:01:14]} Ke6 {[%clk 00:03:03]} {[%emt
00:00:38]} 30. axb5 {[%clk 00:07:18]} {[%emt 00:00:31]} axb5 {[%clk 00:03:26]}
{[%emt 00:00:07]} 31. Re4+ {[%clk 00:07:23]} {[%emt 00:00:25]} Kf6 {[%clk
00:03:23]} {[%emt 00:00:34]} 32. Rd4 {[%clk 00:07:18]} {[%emt 00:00:35]} Nc7
{[%clk 00:03:02]} {[%emt 00:00:51]} 33. Rd6+ {[%clk 00:07:22]} {[%emt
00:00:25]} Ke7 {[%clk 00:03:07]} {[%emt 00:00:25]} 34. Ne5 {[%clk 00:06:13]}
{[%emt 00:01:39]} f6 {[%clk 00:02:16]} {[%emt 00:01:22]} 35. Nc6+ {[%clk
00:06:18]} {[%emt 00:00:24]} Ke8 {[%clk 00:01:18]} {[%emt 00:01:29]} 36. Nd4
{[%clk 00:04:56]} {[%emt 00:01:51]} b4 {[%clk 00:01:15]} {[%emt 00:00:33]} 37.
Rb6 {[%clk 00:04:25]} {[%emt 00:01:02]} Nd5 {[%clk 00:01:10]} {[%emt 00:00:35]}
38. Rb5 {[%clk 00:04:26]} {[%emt 00:00:29]} Kd7 {[%clk 00:01:06]} {[%emt
00:00:34]} 39. Rb7+ {[%clk 00:04:08]} {[%emt 00:00:47]} Rc7 {[%clk 00:01:03]}
{[%emt 00:00:34]} 40. c6+ {[%clk 00:04:29]} {[%emt 00:00:09]} Kd6 {[%clk
00:01:17]} {[%emt 00:00:16]} 41. Nb5+ {[%clk 00:04:14]} {[%emt 00:00:46]} Kxc6
{[%clk 00:29:26]} {[%emt 00:02:21]} 42. Nxc7 {[%clk 00:34:32]} {[%emt
00:00:11]} 1-0

[Event "DVM U20 2020"]
[Site "Willingen GER"]
[Date "2021.06.25"]
[Round "4"]
[White "Gallas, Noel"]
[Black "Brockmeyer, Tobias"]
[Result "1/2-1/2"]
[Termination "normal"]
[Board "6.5"]
[WhiteElo "1886"]
[BlackElo "1890"]
[WhiteClock "00:33:13"]
[BlackClock "00:16:34"]
[WhiteTeam "Schachfreunde Essen-Katernberg"]
[BlackTeam "SK Lehrte von 1919 e. V."]
[PlyCount "41"]
[WhiteFideId "16216059"]
[BlackFideId "12982385"]
[EventCountry "GER"]
[EventRounds "7"]
[EventType "team-swiss"]
[EventDate "2021.06.23"]

1. e4 {[%clk 01:30:58]} {[%emt 00:00:02]} e6 {[%clk 01:30:59]} {[%emt
00:00:01]} 2. d4 {[%clk 01:30:59]} {[%emt 00:00:28]} d5 {[%clk 01:31:26]}
{[%emt 00:00:03]} 3. Bd3 {[%clk 01:31:17]} {[%emt 00:00:12]} dxe4 {[%clk
01:31:49]} {[%emt 00:00:08]} 4. Bxe4 {[%clk 01:31:41]} {[%emt 00:00:06]} Nf6
{[%clk 01:32:16]} {[%emt 00:00:03]} 5. Bf3 {[%emt 00:02:05]} c5 {[%clk
01:28:07]} {[%emt 00:03:02]} 6. c3 {[%clk 01:27:21]} {[%emt 00:04:51]} Be7
{[%clk 01:27:05]} {[%emt 00:01:32]} 7. Ne2 {[%clk 01:26:58]} {[%emt 00:00:54]}
O-O {[%clk 01:25:24]} {[%emt 00:02:11]} 8. O-O {[%clk 01:27:05]} {[%emt
00:00:23]} Qb6 {[%clk 01:17:49]} {[%emt 00:08:04]} 9. Qc2 {[%clk 01:12:10]}
{[%emt 00:15:25]} Bd7 {[%clk 01:12:30]} {[%emt 00:05:49]} 10. Be3 {[%clk
01:07:28]} {[%emt 00:05:11]} Bc6 {[%clk 01:10:17]} {[%emt 00:02:43]} 11. Nd2
{[%clk 01:04:56]} {[%emt 00:03:02]} Bxf3 {[%clk 01:02:28]} {[%emt 00:08:20]}
12. dxc5 {[%clk 01:02:41]} {[%emt 00:02:45]} Bxc5 {[%clk 01:01:14]} {[%emt
00:01:44]} 13. Bxc5 {[%clk 01:02:06]} {[%emt 00:01:04]} Qxc5 {[%clk 01:01:28]}
{[%emt 00:00:18]} 14. Nxf3 {[%clk 01:02:28]} {[%emt 00:00:08]} Nc6 {[%clk
00:57:40]} {[%emt 00:04:17]} 15. Ned4 {[%clk 00:57:22]} {[%emt 00:05:36]} Rfd8
{[%clk 00:56:17]} {[%emt 00:01:54]} 16. Rfd1 {[%clk 00:56:51]} {[%emt
00:01:00]} Rac8 {[%clk 00:44:55]} {[%emt 00:11:51]} 17. Qe2 {[%clk 00:54:03]}
{[%emt 00:03:18]} Nd5 {[%clk 00:24:47]} {[%emt 00:20:40]} 18. g3 {[%clk
00:43:47]} {[%emt 00:10:45]} a6 {[%clk 00:20:11]} {[%emt 00:05:06]} 19. Nb3
{[%clk 00:40:01]} {[%emt 00:04:15]} Qe7 {[%clk 00:19:22]} {[%emt 00:01:21]} 20.
Nbd4 {[%clk 00:36:48]} {[%emt 00:03:42]} h6 {[%clk 00:16:34]} {[%emt 00:03:19]}
21. Rac1 {[%clk 00:33:13]} {[%emt 00:04:04]} 1/2-1/2